Statistics for Eurovision Song Contest 2011

Click here to take the quiz!

General Stats

  • This quiz has been taken 241 times
  • The average score is 44 of 86

Answer Stats

Country Answer % Correct
Germany's representativeLena
83%
Azerbaijan's songRunning Scared
83%
Sweden's representativeEric Saade
82%
Sweden's songPopular
81%
Germany's songTaken by a Stranger
76%
Ireland's songLipstick
76%
Ireland's representativeJedward
74%
Norway's songHaba Haba
73%
Azerbaijan's representativeEll & Nikki
72%
United Kingdom's representativeBlue
72%
United Kingdom's songI Can
71%
Hungary's songWhat About My Dreams?
66%
Poland's songJestem
65%
Armenia's songBoom Boom
65%
Ukraine's songAngel
65%
Belarus' songI Love Belarus
65%
Denmark's songNew Tomorrow
64%
Russia's songGet You
64%
Israel's representativeDana International
64%
Hungary's representativeKati Wolf
64%
Israel's songDing Dong
63%
Denmark's representativeA Friend in London
62%
Serbia's representativeNina
61%
Slovakia's representativeTWiiNS
60%
Serbia's songČaroban
60%
Estonia's songRockefeller Street
60%
Bosnia and Herzegovina's representativeDino Merlin
59%
Finland's representativeParadise Oskar
59%
Finland's songDa Da Dam
58%
Bosnia and Herzegovina's songLove in Rewind
57%
Armenia's representativeEmmy
57%
Bulgaria's songNa Inat
57%
Ukraine's representativeMika Newton
57%
Poland's representativeMagdalena Tul
55%
Greece's songWatch My Dance
55%
Switzerland's songIn Love for a While
55%
France's songSognu
54%
Italy's songMadness of Love
53%
Norway's representativeStella Mwangi
53%
Croatia's songCelebrate
53%
Austria's songThe Secret is Love
53%
Georgia's representativeEldrine
52%
Moldova's songSo Lucky
52%
Slovenia's songNo One
52%
Bulgaria's representativePoli Genova
50%
Iceland's songComing Home
50%
Romania's representativeHotel FM
50%
Romania's songChange
50%
Estonia's representativeGetter Jaani
50%
Slovenia's representativeMaja Keuc
48%
San Marino's representativeSenit
48%
Switzerland's representativeAnna Rossinelli
47%
The Netherlands' representative3JS
47%
Austria's representativeNadine Beiler
47%
Croatia's representativeDaria
47%
F.Y.R. Macedonia's songRusinka
45%
Spain's representativeLucía Pérez
45%
Albania's songFeel the Passion
45%
Lithuania's songC'est Ma Vie
45%
Belgium's songWith Love Baby
45%
Georgia's songOne More Day
44%
Latvia's songAngel in Disguise
44%
Turkey's songLive it Up
43%
Malta's representativeGlen Vella
43%
Slovakia's songI'm Still Alive
43%
Malta's songOne Life
42%
Belgium's representativeWitloof Bay
42%
Iceland's representativeSjonni's Friends
42%
San Marino's songStand by
41%
Latvia's representativeMusiqq
41%
Italy's representativeRaphael Gualazzi
41%
France's representativeAmaury Vassili
40%
Albania's representativeAurela Gaçe
39%
Moldova's representativeZdob și Zdub
37%
The Netherlands' songNever Alone
34%
Russia's representativeAlexej Vorobjov
32%
Lithuania's representativeEvelina Sašenko
32%
Portugal's representativeHomens da Luta
31%
Spain's songQue Me Quiten lo Bailao
31%
Belarus' representativeAnastasiya Vinnikova
30%
Portugal's songLuta é Alegria
28%
Turkey's representativeYüksek Sadakat
26%
Cyprus' songSan Aggelos S’Agapisa
23%
Cyprus' representativeChristos Mylordos
23%
Greece's representativeLoucas Yiorkas feat. Stereo Mike
20%
F.Y.R. Macedonia's representativeVlatko Ilievski
18%

Score Distribution

Percentile by Number Answered

Percent of People with Each Score

Your Score History

You have not taken this quiz